Sports Quiz

Random Sports or NBA Quiz

NBA Top 25: 3 point scoring season by a player Quiz Stats

Quiz not verified by Sporcle

Challenge
Share
Tweet
Embed
Score 0/26 Timer 06:00
0 Plays Today
year player % Correct
1. Golden State Warriors ~ 2015-16 Stephen Curry
100%
2. Golden State Warriors ~ 2016-17Stephen Curry
100%
3. Golden State Warriors ~ 2014-15 Stephen Curry
100%
5. Golden State Warriors ~ 2012-13Stephen Curry
100%
10. Golden State Warriors ~ 2013-14 Stephen Curry
100%
4. Golden State Warriors ~ 2015-16 Klay Thompson
98.6%
7. Golden State Warriors ~ 2016-17Klay Thompson
98.6%
17. Golden State Warriors Klay Thompson
98.6%
6. Seattle Supersonics ~ 2005-06 Ray Allen
95.8%
9. Huston Rockets ~ 2016-17 James Harden
95.8%
18. Huston Rockets ~ 2015-16James Harden
95.8%
Milwaukee Bucks ~ 2001-02Ray Allen
95.8%
13. Boston Celtics ~ 2016-17 Isaiah Thomas
90.3%
year player % Correct
21. Indiana Pacers ~ 1996-97 Reggie Miller
86.1%
Portland Trailblazers ~ 2015-16Damian Lillard
79.2%
Charlotte Hornets ~ 2016-17 Kemba Walker
77.8%
15. Sacramento Kings ~ 2003-04Peja Stojakovic
73.6%
New Orleans Pelicans ~ 2007-08 Peja Stojakovic
73.6%
12. Huston Rockets ~ 2016-17Eric Gordon
69.4%
8. Orlando Magic ~ 1995-96 Dennis Scott
61.1%
Orlando Magic ~ 2007-08 Rashard Lewis
58.3%
24. Philadelphia 76ers ~ 2004-05Kyle Korver
56.9%
14. Charlotte Hornets ~ 2007-08 Jason Richardson
47.2%
Phoenix Suns ~ 2004-05Quentin Richardson
47.2%
19. Atlanta Hawks ~ 1995-96Mookie Blaylock
37.5%
11. Dallas Mavericks ~ 1995-96George McCloud
18.1%

You're not logged in!

Compare scores with friends on all Sporcle quizzes.
Sign Up with Email
OR
Log In

You Might Also Like...

Show Comments

Extras

Top Quizzes Today


Score Distribution

Your Account Isn't Verified!

In order to create a playlist on Sporcle, you need to verify the email address you used during registration. Go to your Sporcle Settings to finish the process.

Report this User

Report this user for behavior that violates our Community Guidelines.

Details: